000 01314nam a2200313 4500
003 EG-GICUC
005 20260121101219.0
008 251113s1997 ua ||||fr|||| 00| 0 ara d
040 _a EG-GICUC
_bara
_c EG-GICUC
_d EG-GICUC
_erda
041 0 _aara
082 0 4 _221
_a341.84
_bف ؤ . ت
092 0 4 _221
099 _aLaw1 12 341.84 ف ؤ . ت 1997
100 0 _aفؤاد عبد المنعم رياض
_eمؤلف.
245 1 0 _aتنازع القوانين والإختصاص القضائي الدولي واثار الاحكام الاجنبية /
_cفؤاد عبد المنعم رياض ،محمد خالد الترجمان.
264 _aالقاهرة :
_bدون ناشر،
_c1997.
300 _a240 :؛صفحة
_c24 سم
336 _2rda content
_atext
337 _2rda media
_aComputer
338 _2rda carrier
_aOnline Resource
504 _aيحتوي على ارجاعات ببليوجرافية
546 _aالنص أغلبه باللغة العربية بعض النصوص الإنجليزية والفرنسية
650 _aالإختصاص القضائي الدولي
650 _aتنازع القوانين
700 _aمحمد خالد الترجمان
856 4 0 _uhttps://fll.law.cu.edu.eg/fulltext/bks/B12-01127.pdf
905 _a75
_eYara
942 _2ddc
_n0
_cBK
_e21
999 _c43113
_d43113